Lima penyiasat muda

Bibliographic Details
Main Author: Rejab F.I
Corporate Author: Title
Format: Book
Published: Pahang : PTS One , 2005
Subjects:

MARC

LEADER 00000cam a2200000 7i4500
001 0000002702
005 20151222.0
008 070713
020 |a 983335713X 
090 0 0 |a JF   |b MAL 
100 0 |a Rejab F.I 
245 1 0 |a Lima penyiasat muda   |c Rejab F.I 
260 |a Pahang :   |b PTS One ,   |c 2005 
500 |a Children ages 10-12 years old (pink) 
650 0 |a Detective and mystery stories, Malay 
650 0 |a Malay fiction 
710 0 |a Title 
999 |a 0000919728   |b Book   |c Children Collection   |e Cawangan Bukit Gambir 
999 |a 0000919730   |b Book   |c Children Collection   |e Cawangan Bukit Gambir 
999 |a 0000968772   |b Book   |c Children Collection   |e Perbadanan Perpustakaan Awam Johor 
999 |a 0000968773   |b Book   |c Children Collection   |e Cawangan Sri Merlong 
999 |a 0000968774   |b Book   |c Children Collection   |e Perbadanan Perpustakaan Awam Johor 
999 |a 0000968775   |b Book   |c Children Collection   |e Perbadanan Perpustakaan Awam Johor 
999 |a 0000968776   |b Book   |c Children Collection   |e Perbadanan Perpustakaan Awam Johor